Japanese top 5 league players - Statistics

General Stats
  • This quiz has been taken 20 times
  • The average score is 10 of 14
Answer Stats
Club Name % Correct
Brighton Kaoru Mitoma
100%
Real Sociedad Takefusa Kubo
93%
Arsenal Takehiro Tomiyasu
93%
Liverpool Wataru Endo
93%
Lazio Daichi Kamada
79%
Stuttgart Hiroki Ito
71%
Stade Reims Junya Ito
71%
Freiburg Ritsu Doan
71%
Bochum Takuma Asano
71%
Frankfurt Makoto Hasebe
64%
BMG Ko Itakura
57%
Stuttgart Genki Haraguchi
43%
Stade Reims Keito Nakamura
43%
Augsburg Masaya Okugawa
14%
No matching quizzes found
Score Distribution
Percent of People with Each Score
Percentile by Number Answered
Your Score History
You have not taken this quiz